pays de l'Union Européenne - Statistiques

Statistiques générales
  • Ce quiz a été pris 75 fois
    54 depuis la dernière actualisation
  • Le résultat moyen est 24 sur 27
Statistiques - réponses
pays % Correct
allemagne
100%
espagne
100%
france
100%
portugal
100%
belgique
97%
suède
97%
grèce
95%
irlande
95%
italie
95%
pays bas
95%
autriche
92%
lettonie
92%
lituanie
92%
luxembourg
92%
croatie
89%
danemark
89%
estonie
89%
finlande
87%
pologne
87%
hongrie
84%
roumanie
84%
slovaquie
84%
slovénie
82%
bulgarie
79%
malte
74%
république tchèque
74%
chypres
11%
Aucun quiz correspondant
Distribution des résultats
% des personnes avec chaque résultat
Percentile par nombre de réponses
Votre historique - résultats
Vous n’avez pas pris ce quiz depuis la dernière actualisation